A mathematical introduction to logic / (Record no. 29547)

000 -LEADER
fixed length control field 00581 a2200181 4500
020 ## - INTERNATIONAL STANDARD BOOK NUMBER
International Standard Book Number 8131201910
020 ## - INTERNATIONAL STANDARD BOOK NUMBER
International Standard Book Number 9788131201916
082 ## - DEWEY DECIMAL CLASSIFICATION NUMBER
Classification number 515.3
090 ## - LOCALLY ASSIGNED LC-TYPE CALL NUMBER (OCLC); LOCAL CALL NUMBER (RLIN)
-- 926
-- 926
100 1# - MAIN ENTRY--PERSONAL NAME
Personal name Enderton, Herbert B.
245 12 - TITLE STATEMENT
Title A mathematical introduction to logic /
Statement of responsibility, etc. Herbert B. Enderton.
250 ## - EDITION STATEMENT
Edition statement 2nd ed.
260 ## - PUBLICATION, DISTRIBUTION, ETC.
Place of publication, distribution, etc. [S.l.] :
Name of publisher, distributor, etc. Academic Press,
Date of publication, distribution, etc. 2000.
300 ## - PHYSICAL DESCRIPTION
Extent 1 v. (unpaged)
700 ## - ADDED ENTRY--PERSONAL NAME
Personal name Enderton, Herbert B.
942 ## - ADDED ENTRY ELEMENTS (KOHA)
Institution code [OBSOLETE] SNS
Koha item type Book
Call number prefix 515.3 END
Holdings
Withdrawn status Lost status Damaged status Not for loan Permanent Location Current Location Date acquired Total Checkouts Full call number Barcode Date last seen Price effective from Koha item type
        School of Natural Sciences (SNS) School of Natural Sciences (SNS) 05/26/2016   515.3 END SNS0001095 05/26/2016 05/26/2016 Book
© 2023 Central Library, National University of Sciences and Technology. All Rights Reserved.